000 01152nam a22003617a 4500
001 000005262
003 CHAP
005 20220329133338.0
008 971013s1991 r 00010 d
010 _a5208
011 _a6180
035 _a5400
040 _cCHAP
090 _aFolleto 13823
100 0 0 _aVargas Nicasio, Angel Antonio.
_9118071
245 1 0 _aMercados regionales del centro del estado de Veracruz :
_b: avances de investigación.
260 _aHuatusco, Ver. :
_bUACH. Centro Regional Universitario Oriente,
_c1991.
300 _a22 h.
500 _a56-155
590 _aBATCH-UPD
_b10
_c20130110
_lUCH01
_h1038
590 _aBATCH-UPD
_b10
_c20130410
_lUCH01
_h0639
590 _aBATCH-UPD
_b10
_c20130914
_lUCH01
_h0009
590 _aCONVERSION
_b10
_c20130109
_lUCH01
_h1304
590 _aE5995AHE
_b05
_c20150211
_lUCH01
_h1157
650 1 4 _aAgricultura
_zVeracruz.
_91941
650 1 4 _aAgricultura
_zVeracruz.
_91941
650 1 4 _aMercados
_xVeracruz.
_974937
650 1 4 _aProductos agrícolas
_xMercadeo.
_991951
901 _aBK
942 _cFOLL
942 _n0
949 _aFolleto 13823
_bBC
_cFOLL
_d-14973
_eTS1
_i5400
_mD
_si
999 _c5208
_d5208